| 000 | 00730nam a2200193 a 4500 | ||
|---|---|---|---|
| 001 | 000013270 | ||
| 005 | 20200929163159.0 | ||
| 008 | 091123s1939 dr 000 0 spa d | ||
| 040 |
_aDO-SdBNP _bspa _cBNPHU |
||
| 082 |
_a320.97293 _bM839e |
||
| 100 | 1 |
_aMorel, Emilio A. _930470 |
|
| 245 | 1 | 0 |
_aElementos de aportación para una historia de la política dominicana / _cEmilio A. Morel. |
| 260 |
_aCiudad Trujillo, República Dominicana : _bCosmopolita, _c1939. |
||
| 300 |
_av. ; _c23 cm. |
||
| 500 | _aIncluye referencias bibliográficas y notas al pie de las páginas. | ||
| 590 | _aInventariado, 2018/LP | ||
| 650 | 4 |
_aRepública dominicana _xPolítica y gobierno _xHistoria _930471 |
|
| 910 | _aValidado, control de calidad/MFF | ||
| 999 |
_c12900 _d12900 |
||